000 00547nam a2200205Ia 4500
003 GCL
008 140319s9999 xx 000 0 eng d
040 _aGCL /
_cGCL
082 0 4 _a759
_bS P
100 1 _aSELIGMAN, PATRICIA
245 1 0 _aTHE HISTORY AND TECHNIQUES OF THE GREAT MASTERS PISSARRO /
_cSELIGMAN, PATRICIA
260 _a[S.N] :
_bTIGER BOOKS INTERNATIONAL ،
_c1993
300 _a64
650 0 4 _aPISSARRO
650 0 4 _aARTS
650 0 4 _aHISTORY AND CRITICISM
650 0 4 _aPAINTING
650 0 4 _aPAINTERS
942 _2ddc
_cBK
999 _c18781
_d18781